Feminist fine print from mathura to manorama (Record no. 617483)

MARC details
000 -LEADER
fixed length control field 00770nam a2200241Ia 4500
003 - CONTROL NUMBER IDENTIFIER
control field OSt
005 - DATE AND TIME OF LATEST TRANSACTION
control field 20220926010522.0
008 - FIXED-LENGTH DATA ELEMENTS--GENERAL INFORMATION
fixed length control field 220923b |||||||| |||| 00| 0 eng d
020 ## - INTERNATIONAL STANDARD BOOK NUMBER
International Standard Book Number 8188965359
037 ## - SOURCE OF ACQUISITION
Terms of availability General Book
040 ## - CATALOGING SOURCE
Original cataloging agency RTL
Transcribing agency RTL
Language of cataloging eng
041 ## - LANGUAGE CODE
Source of code eng
Language code of text/sound track or separate title eng
100 ## - MAIN ENTRY--PERSONAL NAME
Personal name KANNABIRAN Kalpna
9 (RLIN) 312462
245 #0 - TITLE STATEMENT
Title Feminist fine print from mathura to manorama
Remainder of title Resisting violence against women in India
260 ## - PUBLICATION, DISTRIBUTION, ETC.
Place of publication, distribution, etc. New Delhi
Name of publisher, distributor, etc. Women unlimited an associate of kali for women
Date of publication, distribution, etc. 2007
300 ## - PHYSICAL DESCRIPTION
Extent vi, 201p
Dimensions cm.
700 ## - ADDED ENTRY--PERSONAL NAME
Personal name MENON Ritu
9 (RLIN) 26652
942 ## - ADDED ENTRY ELEMENTS (KOHA)
Classification part Y15:4582:5.2, P7
Koha item type General Books
Source of classification or shelving scheme Colon Classification (CC)
Holdings
Withdrawn status Lost status Damaged status Not for loan Home library Current library Date acquired Total Checkouts Full call number Barcode Date last seen Price effective from Koha item type
        Ratan Tata Library Ratan Tata Library 2022-09-26   Y15:4582:5.2 P7 RTPC011115 2022-09-26 2022-09-26 General Books
Copyright @ Delhi University Library System